A course in universal algebra

Furkejuvvon:
Bibliográfalaš dieđut
Váldodahkkit: Burris, Stanley (Dahkki), Sankappanavar, H. P (Dahkki)
Materiálatiipa: Girji
Giella:eaŋgalasgiella
Almmustuhtton: Nueva York Springer-Verlag 1981
Ráidu:Graduate texts in mathematics, 78
Fáttát:
Fáddágilkorat: Lasit fáddágilkoriid
Eai fáddágilkorat, Lasit vuosttaš fáddágilkora!

MARC

LEADER 00000nam a2200000 a 4500
001 UCP2991
003 CL-VaPUC
008 990604e19810000US |||||||||||||||||eng|d
082 0 4 |a 512  |b BUR  |2 21 
100 0 |a Burris, Stanley  |e author  |9 430044 
700 0 |a Sankappanavar, H. P  |e author  |9 430045 
245 1 2 |a A course in universal algebra 
300 |a 276 p 
942 |c BK 
945 |d 19990604 00:00:00  |a crobeson 
260 |a Nueva York  |b Springer-Verlag  |c 1981 
650 0 |a Álgebra universal  |9 270709 
650 0 |a Álgebra  |9 259567 
650 7 |a HOMOMORFISMO  |2 CL-VaPUC  |9 430046 
650 7 |a ISOMORFISMO  |2 CL-VaPUC  |9 417405 
650 0 |a Álgebra de Boole  |9 270013 
583 |a last modification  |c 19990604 00:00:00  |k Rodrigo Vera 
490 0 |a Graduate texts in mathematics, 78 
999 |c 281444  |d 281442 
952 |0 0  |1 0  |4 0  |6 512_000000000000000_BUR_1981  |7 0  |8 A  |9 322186  |a BIBMAT  |b BIBMAT  |d 2019-11-20  |i 1346970  |o 512 BUR 1981  |p 1346970  |r 2025-01-07  |w 2019-11-20  |y BK  |k MAT